Genes IX (Record no. 179157)
[ view plain ]
| 000 -LEADER | |
|---|---|
| fixed length control field | 00423nam a2200169Ia 4500 |
| 008 - FIXED-LENGTH DATA ELEMENTS--GENERAL INFORMATION | |
| fixed length control field | 231217s9999 xx 000 0 und d |
| 020 ## - INTERNATIONAL STANDARD BOOK NUMBER | |
| International Standard Book Number | 763740632 |
| 041 ## - LANGUAGE CODE | |
| Language code of text/sound track or separate title | English |
| 082 ## - DEWEY DECIMAL CLASSIFICATION NUMBER | |
| Classification number | 575.12 LEW3;3 |
| 100 ## - MAIN ENTRY--PERSONAL NAME | |
| Personal name | Lewin, Benjamin |
| 245 #0 - TITLE STATEMENT | |
| Title | Genes IX |
| 260 ## - PUBLICATION, DISTRIBUTION, ETC. | |
| Date of publication, distribution, etc. | 2008 |
| Name of publisher, distributor, etc. | Jones and Bartlett Publishers |
| Place of publication, distribution, etc. | Massachusetts |
| 300 ## - PHYSICAL DESCRIPTION | |
| Extent | xvii+892 |
| 500 ## - GENERAL NOTE | |
| General note | Content page available |
| 650 ## - SUBJECT ADDED ENTRY--TOPICAL TERM | |
| Topical term or geographic name entry element | Genes,IX |
| 942 ## - ADDED ENTRY ELEMENTS (KOHA) | |
| Koha item type | Books |
| Date last seen | Total checkouts | Full call number | Accession number | Uniform resource identifier | Cost, total (INR) price | Price effective from | Category | Lost status | Damaged status | Department | Withdrawn status | Home library | Current library | Shelving location | Entry date | Vendor | Cost, normal purchase price | Grants | Billnumber | Billdate | Currency symbol | Conversion rate | Discount | Old discount | Date due | Date last checked out |
|---|---|---|---|---|---|---|---|---|---|---|---|---|---|---|---|---|---|---|---|---|---|---|---|---|---|---|
| 26/01/2024 | 575.12 LEW3;3 | 45226 | digital/contents/45139.pdf | 1516.00 | 26/01/2024 | Books | Central Library | Central Library | Central Library | Central Library | 26/06/2007 | College Book House | 1895.00 | BT | A41 | 17/09/2008 | RS | 1 | 379 | 20 | ||||||
| 01/04/2024 | 1 | 575.12 LEW3;4 | 45227 | digital/contents/45139.pdf | 1516.00 | 26/01/2024 | Books | Central Library | Central Library | Central Library | Central Library | 26/06/2007 | College Book House | 1895.00 | BT | A41 | 17/09/2008 | RS | 1 | 379 | 20 | 29/07/2008 | 01/04/2024 | |||
| 26/01/2024 | 575.12 LEW3;5 | 45228 | digital/contents/45139.pdf | 1516.00 | 26/01/2024 | Books | Central Library | Central Library | Central Library | Central Library | 26/06/2007 | College Book House | 1895.00 | BT | A41 | 17/09/2008 | RS | 1 | 379 | 20 |
